[Event "RHP Coorespondance"]
[Date "2009.01.29"]
[EndDate "2009.02.03"]
[Round "?"]
[White "Lemieux, Christopher"]
[Black "Tomasino, James"]
[WhiteRating "1530"]
[BlackRating "1785"]
[WhiteElo "1530"]
[BlackElo "1785"]
[Result "0-1"]
[GameId "5946426"]

1. e4 e5 2. Ng1f3 Nb8c6 3. Nb1c3 f5 4. Bf1c4 fxe4 5. Nc3xe4 d5 6. d3 dxc4 7. O-O Bc8f5 8. Bc1g5 Bf8e7 9. Bg5xe7 Ng8xe7 10. b3 Bf5xe4 11. dxe4 Nc6d4 12. Nf3xe5 O-O 13. c3 Nd4e6 14. Qd1g4 Rf8f6 15. Ra1d1 Qd8e8 16. Ne5d7 Rf6g6 17. Qg4f5 Ne7xf5 18. bxc4 Ne6f4 19. exf5 Rg6xg2 20. Kg1h1 Qe8h5 21. Nd7e5 Qh5xh2 0-1

[Event "RHP Coorespondance"]
[Date "2009.01.27"]
[EndDate "2009.02.01"]
[Round "?"]
[White "swahn"]
[Black "Tomasino, James"]
[WhiteRating "1547"]
[BlackRating "1785"]
[WhiteElo "1547"]
[BlackElo "1785"]
[Result "0-1"]
[GameId "5935180"]

1. e4 c5 2. Bf1b5 a6 3. Bb5a4 b5 4. Ba4b3 c4 5. Bb3xc4 bxc4 6. Nb1c3 e5 7. Ng1f3 d6 8. h3 g6 9. d4 Qd8f6 10. Nc3d5 Qf6d8 11. dxe5 Bf8g7 12. O-O dxe5 13. Nf3xe5 Bg7xe5 14. c3 Bc8b7 15. Qd1a4 Nb8d7 16. Nd5e3 Ng8f6 17. Ne3xc4 O-O 18. f3 Nd7c5 19. Qa4c2 Qd8c7 20. Bc1g5 Be5h2 21. Kg1h1 Nf6h5 22. Bg5h4 h6 23. Bh4f2 Nh5g3 24. Bf2xg3 Bh2xg3 25. Nc4e3 Ra8d8 26. c4 h5 27. b4 Nc5d3 28. Rf1b1 Bg3e5 29. a4 Be5xa1 30. Rb1xa1 Nd3xb4 31. Qc2f2 Qc7e5 32. Ra1b1 Nb4d3 33. Qf2c2 Bb7c8 34. Ne3d5 Nd3f4 35. Nd5e3 Nf4xg2 36. Qc2xg2 Rd8d3 37. Ne3d5 Bc8e6 38. f4 Qe5d4 39. Nd5e7 Kg8h7 40. f5 gxf5 41. Rb1g1 Qd4xe4 42. c5 Qe4xg2 43. Rg1xg2 Be6d5 44. Ne7xf5 Bd5xg2 45. Kh1xg2 Rf8c8 0-1

[Event "RHP Coorespondance"]
[Date "2009.01.26"]
[EndDate "2009.01.29"]
[Round "?"]
[White "Lemieux, Christopher"]
[Black "Tomasino, James"]
[WhiteRating "1530"]
[BlackRating "1785"]
[WhiteElo "1530"]
[BlackElo "1785"]
[Result "0-1"]
[GameId "5933312"]

1. e4 c5 2. Ng1f3 Nb8c6 3. d4 d6 4. Bf1c4 Ng8f6 5. c3 Nf6xe4 6. Qd1a4 Bc8d7 7. Bc4b5 a6 8. d5 axb5 9. Qa4xb5 Nc6e5 10. Qb5xb7 Ne5d3 11. Ke1e2 Nd3xf2 12. Rh1f1 Nf2g4 13. Nb1d2 Ne4xd2 14. Bc1xd2 g6 15. h3 Ng4f6 16. c4 Bf8g7 17. Qb7b3 O-O 18. Nf3h4 e5 19. Nh4f3 Nf6e4 20. g4 Ne4g3 21. Ke2f2 Ng3xf1 22. Kf2xf1 h5 23. Qb3c2 hxg4 24. hxg4 Bd7xg4 25. Nf3h2 Bg4h3 26. Kf1e2 Qd8d7 27. a3 Bh3g4 28. Nh2xg4 Qd7xg4 29. Ke2d3 e4 30. Kd3e3 Qg4f3 0-1

[Event "Clan RHP Coorespondance"]
[Date "2009.01.24"]
[EndDate "2009.02.22"]
[Round "?"]
[White "Tomasino, James"]
[Black "deejhitler"]
[WhiteRating "1785"]
[BlackRating "1384"]
[WhiteElo "1785"]
[BlackElo "1384"]
[Result "1-0"]
[GameId "5925769"]

1. e4 e5 2. Ng1f3 d6 3. d4 Ng8f6 4. Nb1c3 Bc8g4 5. h3 Bg4h5 6. g4 Bh5g6 7. Bc1g5 h6 8. Bg5h4 Nb8c6 9. d5 Nc6e7 10. Qd1d3 Bg6h7 11. Qd3b5 c6 12. dxc6 bxc6 13. Qb5a4 Qd8b8 14. O-O-O Qb8b7 15. Rd1xd6 Ra8b8 16. b3 Rb8c8 17. Bf1a6 Qb7c7 18. Rh1d1 Nf6d5 19. Nc3xd5 Qc7xd6 20. Nd5xe7 Qd6c7 21. Ne7xc8 Bh7xe4 22. Nf3xe5 g5 23. Qa4xe4 gxh4 24. Ne5g6 Bf8e7 25. Ng6xh8 Ke8f8 26. Qe4f5 Be7g5 27. Kc1b1 Kf8g8 28. Nh8xf7 Qc7xf7 29. Ba6c4 Qf7xc4 30. bxc4 Kg8g7 31. Rd1d7 Kg7g8 32. Qf5f7 Kg8h8 33. Qf7h7 1-0

[Event "RHP Coorespondance"]
[Date "2009.01.20"]
[EndDate "2009.02.23"]
[Round "?"]
[White "Tomasino, James"]
[Black "Rosen, Joshua"]
[WhiteRating "1785"]
[BlackRating "1042"]
[WhiteElo "1785"]
[BlackElo "1042"]
[Result "1-0"]
[GameId "5911937"]

1. e4 e5 2. Ng1f3 d6 3. Bf1c4 Bc8e6 4. Bc4xe6 fxe6 5. d3 Nb8c6 6. Nb1c3 Ng8f6 7. O-O d5 8. d4 Qd8d6 9. dxe5 Nc6xe5 10. Bc1f4 Qd6b6 11. Bf4xe5 Bf8c5 12. h3 O-O-O 13. Be5xf6 gxf6 14. exd5 f5 15. Nf3e5 Rh8g8 16. Ne5f7 Rd8f8 17. Nf7e5 Bc5d4 18. Ne5c4 Qb6c5 19. Nc4a5 Qc5xa5 20. Qd1xd4 b6 21. Ra1e1 Rf8e8 22. dxe6 h5 23. Re1e5 Rg8g5 1-0

[Event "RHP Coorespondance"]
[Date "2009.01.20"]
[EndDate "2009.01.26"]
[Round "?"]
[White "Tomasino, James"]
[Black "Lemieux, Christopher"]
[WhiteRating "1785"]
[BlackRating "1530"]
[WhiteElo "1785"]
[BlackElo "1530"]
[Result "1-0"]
[GameId "5908579"]

1. e4 Ng8f6 2. Nb1c3 Nb8c6 3. d4 e6 4. a3 d5 5. e5 Nf6e4 6. Nc3xe4 dxe4 7. c3 f6 8. exf6 Qd8xf6 9. Bc1e3 Bf8d6 10. g3 h6 11. Bf1g2 Qf6f5 12. Qd1c2 e5 13. Bg2xe4 Qf5f6 14. Be4g6 Ke8e7 15. Ng1f3 Qf6xf3 16. Ke1d2 Rh8f8 17. Rh1e1 Bc8f5 18. Bg6xf5 Rf8xf5 19. g4 Qf3xg4 20. Re1g1 Qg4h5 21. Rg1xg7 Ke7f6 22. Ra1g1 Nc6e7 23. Qc2b3 Ne7d5 24. Qb3xd5 Rf5xf2 25. Be3xf2 Qh5g5 26. Rg1xg5 hxg5 27. Qd5f7 1-0

[Event "NJPP-Duel I"]
[Date "2008.12.23"]
[EndDate "2009.01.27"]
[Round "1"]
[White "Spotto, Daniel"]
[Black "Tomasino, James"]
[WhiteRating "1607"]
[BlackRating "1785"]
[WhiteElo "1607"]
[BlackElo "1785"]
[Result "0-1"]
[GameId "5790286"]

1. e4 e5 2. Ng1f3 Nb8c6 3. Bf1c4 Bf8c5 4. O-O b6 5. b4 Bc5xb4 6. c3 Bb4a5 7. d4 exd4 8. cxd4 d6 9. Qd1a4 Bc8d7 10. Qa4b3 Qd8e7 11. Bc1g5 Ng8f6 12. Bg5xf6 Qe7xf6 13. Nb1c3 O-O-O 14. Bc4a6 Kc8b8 15. Nc3b5 Nc6b4 16. Qb3c4 Nb4xa6 17. e5 dxe5 18. dxe5 Qf6g6 19. g3 Bd7xb5 20. Qc4xb5 Kb8b7 21. Ra1d1 c6 22. Qb5b2 h5 23. Nf3h4 Qg6g4 24. f3 Qg4g5 25. f4 Qg5g4 26. Nh4g2 Rd8xd1 27. Ng2e3 Rd1xf1 28. Ne3xf1 h4 29. Qb2b3 b5 30. Qb3xf7 Na6c7 31. Qf7b3 Ba5b6 32. Nf1e3 Qg4f3 33. a4 Bb6xe3 34. Qb3xe3 Qf3xe3 35. Kg1f1 hxg3 36. hxg3 Rh8h2 37. axb5 Qe3f2 0-1

[Event "Reckless Players' Fast Duel I"]
[Date "2008.10.28"]
[EndDate "2008.11.11"]
[Round "5"]
[White "King Mob"]
[Black "Tomasino, James"]
[WhiteRating "1328"]
[BlackRating "1785"]
[WhiteElo "1328"]
[BlackElo "1785"]
[Result "0-1"]
[GameId "5592986"]

1. e4 c5 2. Nb1c3 Nb8c6 3. f4 e6 4. Ng1f3 d5 5. Bf1b5 Qd8a5 6. Nf3e5 Ng8e7 7. exd5 exd5 8. Qd1e2 Bc8e6 9. f5 Be6xf5 10. Bb5xc6 bxc6 11. Ne5xc6 Qa5c7 12. O-O Qc7xc6 13. Rf1xf5 O-O-O 14. Rf5xf7 h5 15. d3 Qc6g6 16. Qe2f2 h4 17. Qf2xc5 Ne7c6 18. Qc5f2 h3 19. g3 Nc6e5 20. Rf7xa7 Ne5g4 21. Bc1f4 Bf8d6 22. Ra7a8 Kc8d7 23. Qf2a7 Kd7e6 24. Qa7e3 Ng4xe3 0-1

[Event "Reckless Players' Fast Duel I"]
[Date "2008.10.28"]
[EndDate "2008.11.16"]
[Round "5"]
[White "Tomasino, James"]
[Black "HurricaneConway125"]
[WhiteRating "1785"]
[BlackRating "1048"]
[WhiteElo "1785"]
[BlackElo "1048"]
[Result "1-0"]
[GameId "5592985"]

1. e4 d5 2. exd5 Ng8f6 3. c4 c6 4. dxc6 Nb8xc6 5. Nb1c3 e5 6. Qd1e2 Bf8c5 7. f4 Qd8e7 8. fxe5 Nc6xe5 9. Ng1f3 Ne5xf3 10. gxf3 Bc8e6 11. Qe2e5 O-O 12. d4 Bc5b4 13. Bc1g5 Rf8e8 14. O-O-O Ra8c8 15. Kc1c2 Be6xc4 16. Bf1xc4 Rc8xc4 17. Bg5xf6 gxf6 18. Qe5g3 Kg8h8 19. Rh1g1 Qe7e2 20. Rd1d2 Qe2xd2 21. Kc2xd2 Bb4xc3 22. bxc3 Rc4xd4 23. cxd4 Re8e2 24. Kd2xe2 f5 25. Qg3g7 1-0

[Event "Reckless Players' Fast Duel I"]
[Date "2008.10.28"]
[EndDate "2008.11.17"]
[Round "5"]
[White "Tomasino, James"]
[Black "King Mob"]
[WhiteRating "1785"]
[BlackRating "1328"]
[WhiteElo "1785"]
[BlackElo "1328"]
[Result "1-0"]
[GameId "5592984"]

1. e4 c5 2. Ng1e2 d6 3. g3 Bc8g4 4. Bf1g2 Qd8d7 5. h3 Bg4e6 6. d4 cxd4 7. Ne2xd4 Ng8f6 8. Nb1c3 Nb8c6 9. Bc1e3 Nc6xd4 10. Be3xd4 g6 11. Qd1f3 Bf8g7 12. O-O-O O-O 13. e5 Bg7h6 14. Kc1b1 Nf6d5 15. Nc3xd5 Qd7a4 16. Nd5xe7 Kg8h8 17. Qf3f6 Bh6g7 18. exd6 Qa4xd4 19. Qf6xd4 Bg7xd4 20. Rd1xd4 Ra8d8 21. Bg2xb7 Rd8d7 22. Bb7c6 Rd7d8 23. d7 f5 24. Rh1e1 Rf8f6 25. g4 fxg4 26. Rd4d6 Be6xa2 27. Kb1xa2 Rf6xd6 28. hxg4 Kh8g7 29. c4 h5 30. gxh5 gxh5 31. Re1g1 Kg7f7 32. c5 Rd6d3 33. Ne7g6 Kf7f6 34. Bc6a4 Rd8xd7 35. Ba4xd7 Rd3xd7 36. Ng6f4 h4 37. Rg1g4 Rd7h7 38. Nf4h3 Rh7h5 39. c6 Rh5c5 40. Rg4xh4 Rc5xc6 41. Rh4h6 1-0

[Event "RHP Coorespondance"]
[Date "2008.10.15"]
[EndDate "2008.11.21"]
[Round "?"]
[White "Lyden, John"]
[Black "Tomasino, James"]
[WhiteRating "977"]
[BlackRating "1785"]
[WhiteElo "977"]
[BlackElo "1785"]
[Result "0-1"]
[GameId "5550330"]

1. e4 c5 2. d4 cxd4 3. Qd1xd4 Nb8c6 4. Qd4c4 e6 5. Nb1c3 Ng8f6 6. e5 Nc6xe5 7. Qc4f4 Bf8d6 8. Qf4g5 g6 9. Qg5h6 Nf6g4 10. h3 Qd8f6 11. Qh6d2 Bd6c5 12. Bf1e2 Qf6xf2 0-1

[Event "RHP Coorespondance"]
[Date "2008.10.05"]
[EndDate "2008.12.21"]
[Round "?"]
[White "Tomasino, James"]
[Black "Orlando, Christopher"]
[WhiteRating "1785"]
[BlackRating "1522"]
[WhiteElo "1785"]
[BlackElo "1522"]
[Result "1-0"]
[GameId "5511876"]

1. e4 c6 2. d4 d5 3. Nb1c3 Ng8f6 4. e5 Nf6e4 5. Nc3xe4 dxe4 6. g3 f6 7. exf6 exf6 8. c3 f5 9. Bf1g2 Bf8d6 10. Bc1e3 Bc8e6 11. Ng1h3 Nb8d7 12. Be3g5 Bd6e7 13. Bg5xe7 Qd8xe7 14. Nh3f4 Be6c4 15. Qd1h5 Qe7f7 16. Qh5xf7 Bc4xf7 17. O-O-O Bf7xa2 18. d5 Ba2xd5 19. Nf4xd5 cxd5 20. Rd1xd5 g6 21. Rh1d1 O-O-O 22. Rd5a5 a6 23. Bg2f1 Nd7b8 24. Ra5c5 Nb8c6 25. Bf1xa6 Rd8xd1 26. Kc1xd1 Kc8c7 27. Ba6b5 Kc7b6 28. Rc5d5 Rh8d8 29. Bb5xc6 Rd8xd5 30. Bc6xd5 h6 31. Bd5f7 g5 32. Bf7g6 Kb6c5 33. Bg6xf5 Kc5d5 34. g4 Kd5e5 35. Kd1e2 Ke5f4 36. h3 b6 37. c4 h5 38. b4 h4 39. c5 bxc5 40. bxc5 Kf4e5 41. c6 Ke5d6 42. Bf5xe4 Kd6c7 43. f4 gxf4 44. g5 1-0

[Event "Reckless Players' Fast Duel I"]
[Date "2008.10.03"]
[EndDate "2008.10.28"]
[Round "4"]
[White "Tomasino, James"]
[Black "Gary Thomas"]
[WhiteRating "1785"]
[BlackRating "1048"]
[WhiteElo "1785"]
[BlackElo "1048"]
[Result "1-0"]
[GameId "5502391"]

1. e4 e5 2. Ng1f3 d6 3. d4 Ng8f6 4. Nb1c3 c6 5. dxe5 Nf6g4 6. Bc1g5 Bf8e7 7. Bg5xe7 Ke8xe7 8. Nf3g5 Ng4xe5 9. Bf1e2 h6 10. Ng5f3 Rh8e8 11. Nf3d4 Ke7f8 12. Qd1d2 Bc8g4 13. f3 Bg4h5 14. g4 Qd8h4 15. Ke1d1 Bh5g6 16. f4 Ne5xg4 17. Be2xg4 Qh4xg4 18. Nd4e2 Qg4d7 19. f5 Bg6h5 20. f6 g5 21. b4 b5 22. a4 Re8e6 23. Rh1f1 Nb8a6 24. axb5 Na6xb4 25. bxc6 Nb4xc6 26. Kd1c1 Bh5xe2 27. Qd2xe2 Nc6d4 28. Qe2e3 Nd4c6 29. Nc3d5 Ra8b8 30. Rf1g1 Qd7d8 31. h4 Re6xf6 32. hxg5 Rf6g6 33. gxh6 Qd8h4 34. Rg1xg6 1-0

[Event "Reckless Players' Fast Duel I"]
[Date "2008.10.03"]
[EndDate "2008.10.28"]
[Round "4"]
[White "Gary Thomas"]
[Black "Tomasino, James"]
[WhiteRating "1048"]
[BlackRating "1785"]
[WhiteElo "1048"]
[BlackElo "1785"]
[Result "0-1"]
[GameId "5502390"]

1. d4 Ng8f6 2. Ng1f3 g6 3. e3 Bf8g7 4. Bf1e2 O-O 5. O-O d6 6. Nb1d2 Nb8d7 7. Nd2c4 d5 8. Nc4e5 Nd7xe5 9. Nf3xe5 Nf6e4 10. Ne5f3 Bc8g4 11. Qd1d3 Bg4f5 12. Qd3b3 b6 13. Nf3h4 e6 14. Nh4xf5 exf5 15. f3 Ne4g5 16. Bc1d2 c6 17. f4 Ng5e4 18. Bd2b4 c5 19. dxc5 bxc5 20. Bb4a3 Ne4d2 21. Qb3b5 Nd2xf1 22. Be2xf1 Ra8b8 23. Qb5xc5 Bg7xb2 24. Ba3xb2 Rb8xb2 25. Bf1d3 Rb2b8 26. Ra1d1 Rb8c8 27. Qc5d4 a5 28. a4 h5 29. g3 h4 30. Kg1g2 hxg3 31. hxg3 g5 32. Bd3xf5 Rc8c4 0-1

[Event "RHP Coorespondance"]
[Date "2008.09.17"]
[EndDate "2008.09.28"]
[Round "?"]
[White "Spotto, Daniel"]
[Black "Tomasino, James"]
[WhiteRating "1607"]
[BlackRating "1785"]
[WhiteElo "1607"]
[BlackElo "1785"]
[Result "0-1"]
[GameId "5446510"]

1. Ng1f3 Ng8f6 2. c4 g6 3. b3 Bf8g7 4. Bc1b2 d6 5. d3 Nb8d7 6. g3 e5 7. h3 O-O 8. Bf1g2 e4 9. dxe4 Nf6xe4 10. Bb2xg7 Kg8xg7 11. Nb1c3 Ne4xc3 12. Qd1d4 Qd8f6 13. Qd4xf6 Nd7xf6 14. e3 Rf8e8 15. O-O Nc3e4 16. Nf3e1 Ne4d2 17. f4 Nd2xf1 18. Kg1xf1 Nf6e4 19. Bg2xe4 Re8xe4 20. g4 Re4xe3 21. Kf1g2 h5 22. f5 gxf5 23. gxf5 Bc8xf5 24. h4 Bf5h3 25. Kg2f2 Ra8e8 26. Ne1f3 Bh3g4 27. Nf3h2 Re3e2 28. Kf2g3 Re8e3 0-1

[Event "Clan RHP Coorespondance"]
[Date "2008.09.03"]
[EndDate "2008.10.25"]
[Round "?"]
[White "Tomasino, James"]
[Black "trigz76"]
[WhiteRating "1785"]
[BlackRating "1075"]
[WhiteElo "1785"]
[BlackElo "1075"]
[Result "1-0"]
[GameId "5393662"]

1. e4 c5 2. Ng1f3 Nb8c6 3. Nb1c3 d6 4. d4 Bc8g4 5. Bf1e2 Ng8f6 6. dxc5 dxc5 7. Nc3d5 1-0

[Event "Reckless Players' Fast Duel I"]
[Date "2008.08.25"]
[EndDate "2008.09.07"]
[Round "3"]
[White "Tomasino, James"]
[Black "Royal Light"]
[WhiteRating "1785"]
[BlackRating "1221"]
[WhiteElo "1785"]
[BlackElo "1221"]
[Result "1-0"]
[GameId "5359076"]

1. e4 c6 2. d4 d5 3. e5 e6 4. Ng1f3 f6 5. b4 Bc8d7 6. a4 a5 7. b5 cxb5 8. axb5 Bf8b4 9. c3 Bb4e7 10. g3 fxe5 11. dxe5 Be7c5 12. Nf3d4 Qd8c7 13. f4 Ng8e7 14. Qd1h5 Ne7g6 15. Bf1d3 O-O 16. Bd3xg6 h6 17. g4 Bc5xd4 18. Bc1d2 Bd4xe5 19. fxe5 Bd7xb5 20. Bd2xh6 Qc7c5 21. Bh6g5 Qc5f2 22. Ke1d1 Qf2f3 23. Kd1c2 Bb5a4 24. Kc2b2 Qf3e2 25. Kb2a3 Rf8f7 26. Qh5h7 Kg8f8 27. Qh7h8 1-0

[Event "RHP Coorespondance"]
[Date "2008.08.11"]
[EndDate "2008.09.10"]
[Round "?"]
[White "Tomasino, James"]
[Black "nedelcu"]
[WhiteRating "1785"]
[BlackRating "903"]
[WhiteElo "1785"]
[BlackElo "903"]
[Result "1-0"]
[GameId "5313022"]

1. e4 e5 2. Ng1f3 Qd8f6 3. d4 d6 4. d5 h6 5. h4 Bc8g4 6. Bf1b5 c6 7. dxc6 bxc6 8. Bb5a4 Qf6e6 9. b3 Ng8f6 10. Qd1d3 Nf6h5 11. Nb1c3 Nh5f4 12. Bc1xf4 exf4 13. O-O-O g6 14. e5 Bg4xf3 15. gxf3 Qe6xe5 16. Rh1e1 Bf8g7 17. Re1xe5 Bg7xe5 18. Rd1e1 O-O 19. Re1g1 1-0

[Event "RHP Coorespondance"]
[Date "2008.07.31"]
[EndDate "2008.09.14"]
[Round "?"]
[White "Lagavulin"]
[Black "Tomasino, James"]
[WhiteRating "1263"]
[BlackRating "1785"]
[WhiteElo "1263"]
[BlackElo "1785"]
[Result "0-1"]
[GameId "5272598"]

1. e4 c5 2. Ng1f3 d6 3. d4 Nb8c6 4. Bf1b5 Bc8d7 5. Bb5xc6 Bd7xc6 6. Nb1d2 e5 7. d5 Bc6b5 8. c4 Bb5a6 9. O-O b5 10. b3 Bf8e7 11. Bc1b2 Ng8f6 12. a4 b4 13. Rf1e1 Nf6g4 0-1

[Event "Clan RHP Coorespondance"]
[Date "2008.07.25"]
[EndDate "2008.08.05"]
[Round "?"]
[White "Tomasino, James"]
[Black "OneThird"]
[WhiteRating "1785"]
[BlackRating "1398"]
[WhiteElo "1785"]
[BlackElo "1398"]
[Result "1-0"]
[GameId "5254724"]

1. e4 e5 2. Ng1f3 d6 3. d4 Bc8g4 4. dxe5 Bg4xf3 5. Qd1xf3 dxe5 6. Bf1c4 Ng8f6 7. Bc1g5 Bf8e7 8. O-O O-O 9. h4 h6 10. Bg5xh6 gxh6 11. Qf3g3 Kg8h7 12. Qg3xe5 Nb8c6 13. Qe5f5 Kh7h8 14. e5 Nf6d5 15. Bc4d3 Nd5f6 16. exf6 Qd8xd3 17. cxd3 Be7d6 18. Nb1d2 Nc6d4 19. Qf5h5 Kh8h7 20. g4 Bd6f4 21. g5 Bf4xg5 22. hxg5 Nd4f5 23. gxh6 Nf5d4 24. Nd2e4 b6 25. Ne4g5 Kh7h8 26. Ng5xf7 Rf8xf7 27. Qh5xf7 Ra8g8 28. Kg1h1 c5 29. h7 Rg8g7 30. Qf7xg7 1-0

[Event "RHP Coorespondance"]
[Date "2008.07.02"]
[EndDate "2008.07.24"]
[Round "?"]
[White "Tomasino, James"]
[Black "Hensel, Douglas"]
[WhiteRating "1785"]
[BlackRating "1050"]
[WhiteElo "1785"]
[BlackElo "1050"]
[Result "1-0"]
[GameId "5173108"]

1. e4 e6 2. d4 f5 3. e5 Ng8e7 4. Ng1f3 Ne7d5 5. Nf3g5 Bf8e7 6. Qd1h5 g6 7. Qh5h4 h5 8. Nb1c3 Be7b4 9. a3 Bb4a5 10. Bc1d2 d6 11. O-O-O c5 12. Bf1b5 Nb8c6 13. Rh1e1 a6 14. Bb5xc6 bxc6 15. dxc5 dxc5 16. Nc3xd5 cxd5 17. Bd2xa5 Qd8xa5 18. f3 O-O 19. g4 f4 20. gxh5 Ra8a7 21. hxg6 Rf8f5 22. Qh4h6 Qa5d8 23. Ng5f7 Rf5xf7 24. gxf7 Ra7xf7 25. Re1g1 Rf7g7 26. Qh6xg7 1-0

[Event "RHP Coorespondance"]
[Date "2008.06.27"]
[EndDate "2008.07.02"]
[Round "?"]
[White "Hensel, Douglas"]
[Black "Tomasino, James"]
[WhiteRating "1050"]
[BlackRating "1785"]
[WhiteElo "1050"]
[BlackElo "1785"]
[Result "0-1"]
[GameId "5156933"]

1. e4 c5 2. d4 cxd4 3. Qd1xd4 Nb8c6 4. Qd4a4 e5 5. b4 a6 6. c4 Nc6d4 7. Bf1d3 Bf8e7 8. b5 Ng8f6 9. Ng1f3 O-O 10. Nb1c3 d6 11. Bc1e3 Bc8d7 12. Ra1b1 axb5 13. Qa4b4 bxc4 14. Qb4xc4 Bd7e6 15. Qc4a4 Ra8xa4 16. Nc3xa4 Qd8a5 17. Nf3d2 Qa5xa4 18. O-O b5 19. Nd2b3 Nd4xb3 20. axb3 Be6xb3 21. Rf1c1 Nf6g4 22. h3 Ng4xe3 23. fxe3 Bb3c4 24. Bd3c2 Qa4a3 25. g4 Qa3xe3 26. Kg1h1 Qe3xh3 27. Kh1g1 Qh3xg4 28. Kg1h2 d5 29. Rc1g1 Qg4h4 30. Kh2g2 dxe4 31. Bc2xe4 Qh4xe4 32. Kg2f2 Qe4e2 33. Kf2g3 g5 34. Rg1h1 Qe2d3 35. Kg3g4 f5 36. Kg4h5 Bc4f7 37. Kh5h6 Qd3d6 0-1

[Event "RHP Coorespondance"]
[Date "2008.06.23"]
[EndDate "2008.07.30"]
[Round "?"]
[White "Tomasino, James"]
[Black "Rosen, Joshua"]
[WhiteRating "1785"]
[BlackRating "1042"]
[WhiteElo "1785"]
[BlackElo "1042"]
[Result "1-0"]
[GameId "5140988"]

1. e4 e5 2. Ng1f3 Bf8c5 3. d4 Bc5b4 4. c3 Bb4e7 5. Nf3xe5 Ng8f6 6. Bf1c4 O-O 7. O-O d6 8. Bc1h6 gxh6 9. Qd1f3 b6 10. Qf3g3 Kg8h8 11. Ne5xf7 Rf8xf7 12. Bc4xf7 Qd8f8 13. Bf7d5 Bc8g4 14. Bd5xa8 c6 15. Nb1d2 Bg4e2 16. Rf1e1 Be2b5 17. e5 Nf6h5 18. Qg3g4 Qf8f4 19. Qg4c8 Be7f8 20. Qc8xb8 dxe5 21. Re1xe5 Kh8g7 22. Qb8c7 Qf4f7 23. Qc7xf7 Kg7xf7 24. Re5xh5 Kf7g6 25. g4 Bb5e2 26. Rh5f5 Bf8d6 27. Nd2e4 Bd6e7 28. h3 Be2d3 29. Ba8xc6 h5 30. Rf5xh5 a6 31. Ra1e1 b5 32. Ne4d2 b4 33. Re1e6 Kg6f7 34. Bc6d5 bxc3 35. Re6e3 Kf7f6 36. Re3xd3 cxb2 37. Rd3f3 Kf6g6 38. Bd5e4 Kg6g7 39. Rh5xh7 Kg7g8 40. Rh7xe7 b1=Q 41. Nd2xb1 a5 42. Be4d5 Kg8h8 43. Rf3f8 1-0

[Event "RHP Coorespondance"]
[Date "2008.06.23"]
[EndDate "2008.06.27"]
[Round "?"]
[White "Hensel, Douglas"]
[Black "Tomasino, James"]
[WhiteRating "1050"]
[BlackRating "1785"]
[WhiteElo "1050"]
[BlackElo "1785"]
[Result "0-1"]
[GameId "5140980"]

1. b4 e5 2. c3 d5 3. d4 e4 4. f3 Ng8f6 5. g4 Nf6xg4 6. Ng1h3 Qd8h4 7. Nh3f2 Ng4xf2 8. Qd1a4 Bc8d7 9. Bc1g5 Nf2d3 10. Ke1d2 Qh4xg5 11. Kd2c2 Bd7xa4 0-1

[Event "RHP Coorespondance"]
[Date "2008.06.18"]
[EndDate "2008.06.24"]
[Round "?"]
[White "Tomasino, James"]
[Black "Hamp, David"]
[WhiteRating "1785"]
[BlackRating "1129"]
[WhiteElo "1785"]
[BlackElo "1129"]
[Result "1-0"]
[GameId "5122204"]

1. e4 d5 2. exd5 Qd8d6 3. Nb1c3 Ng8f6 4. Bf1c4 Bc8g4 5. f3 Qd6e5 6. Ng1e2 Bg4f5 7. d4 Qe5d6 8. Bc1f4 e6 9. Bf4xd6 Bf8xd6 10. O-O O-O 11. Qd1e1 e5 12. g4 Bf5xc2 13. Ne2g3 exd4 14. Nc3e4 Nb8d7 15. Ne4xd6 cxd6 16. Qe1d2 Bc2g6 17. Qd2xd4 Nd7c5 18. h4 Ra8e8 19. h5 Bg6c2 20. Bc4b5 Re8e7 21. Ra1c1 a6 22. Bb5xa6 Nc5xa6 23. Rc1xc2 Na6c7 24. Ng3f5 Re7e5 25. Rc2xc7 g6 26. Nf5xd6 Re5xd5 27. Qd4xf6 gxh5 28. Rc7xf7 Rf8xf7 29. Qf6xf7 Kg8h8 30. Qf7f8 1-0

[Event "RHP Coorespondance"]
[Date "2008.06.18"]
[EndDate "2008.08.28"]
[Round "?"]
[White "Orlando, Christopher"]
[Black "Tomasino, James"]
[WhiteRating "1522"]
[BlackRating "1785"]
[WhiteElo "1522"]
[BlackElo "1785"]
[Result "0-1"]
[GameId "5120296"]

1. e4 c5 2. Ng1f3 Nb8c6 3. d4 cxd4 4. Nf3xd4 Ng8f6 5. Nb1c3 e5 6. Nd4xc6 bxc6 7. a3 d5 8. f3 d4 9. Nc3e2 a5 10. Bc1g5 h6 11. Bg5xf6 Qd8xf6 12. c3 c5 13. h4 a4 14. g3 Qf6xf3 15. Ne2xd4 Qf3xe4 16. Qd1e2 Bc8b7 17. Qe2xe4 Bb7xe4 18. Bf1b5 Ke8e7 19. Nd4c6 Ke7d6 20. O-O-O Kd6c7 21. Nc6xe5 Be4xh1 22. Rd1d7 Kc7c8 23. Ne5xf7 Rh8g8 24. Bb5c6 Bh1xc6 25. Rd7d8 Kc8b7 26. Rd8xa8 Kb7xa8 27. Nf7e5 Bc6e4 28. Ne5d7 Be4f3 29. Nd7b6 Ka8b7 30. Nb6xa4 Bf8d6 31. Kc1d2 Bd6xg3 32. Na4xc5 Kb7c6 33. Nc5d3 Bg3xh4 34. Nd3e5 Kc6b5 35. Ne5xf3 Bh4g3 36. Nf3d4 Kb5b6 37. Nd4e6 g5 38. Kd2e2 Rg8e8 39. Ke2f3 Re8xe6 40. Kf3xg3 Re6e3 41. Kg3g4 Kb6a5 42. b4 Ka5a4 43. Kg4h5 Ka4xa3 44. Kh5xh6 Re3xc3 45. Kh6xg5 Ka3xb4 46. Kg5f4 Kb4c4 47. Kf4e4 Rc3d3 48. Ke4e5 Rd3d4 49. Ke5e6 Rd4d5 50. Ke6e7 Kc4c5 51. Ke7e6 Kc5c6 52. Ke6e7 Rd5d6 53. Ke7f7 Kc6d7 54. Kf7f8 Rd6f6 55. Kf8g7 Kd7e7 56. Kg7g8 Rf6g6 57. Kg8h8 Ke7f7 58. Kh8h7 Rg6f6 0-1

[Event "RHP Coorespondance"]
[Date "2008.05.25"]
[EndDate "2008.05.29"]
[Round "?"]
[White "Tomasino, James"]
[Black "Hamp, David"]
[WhiteRating "1785"]
[BlackRating "1129"]
[WhiteElo "1785"]
[BlackElo "1129"]
[Result "1-0"]
[GameId "5033366"]

1. e4 e5 2. Ng1f3 d6 3. d4 Nb8c6 4. Bf1b5 a6 5. Bb5xc6 bxc6 6. dxe5 d5 7. exd5 cxd5 8. Nb1c3 Bf8b4 9. O-O c6 10. a3 Bb4xc3 11. bxc3 Ng8e7 12. Bc1g5 O-O 13. Nf3d4 Bc8d7 14. Nd4b3 Qd8b6 15. Bg5xe7 Rf8e8 16. Be7c5 Qb6c7 17. f4 f6 18. exf6 gxf6 19. Qd1d3 Bd7g4 20. Qd3g3 f5 21. h3 h5 22. hxg4 fxg4 23. Qg3h4 Qc7h7 24. Qh4g5 Kg8f7 25. Bc5d4 Re8e6 26. Nb3c5 Re6g6 27. Qg5f5 Kf7g8 28. Nc5d7 Qh7h6 29. Nd7e5 Ra8f8 30. Qf5xg6 Qh6xg6 31. Ne5xg6 Rf8f5 32. Ng6e7 1-0

[Event "RHP Coorespondance"]
[Date "2008.04.21"]
[EndDate "2008.04.26"]
[Round "?"]
[White "Hamp, David"]
[Black "Tomasino, James"]
[WhiteRating "1129"]
[BlackRating "1785"]
[WhiteElo "1129"]
[BlackElo "1785"]
[Result "0-1"]
[GameId "4903444"]

1. f4 d5 2. Ng1f3 c5 3. d4 c4 4. c3 Nb8c6 5. b3 b5 6. Nb1a3 Qd8a5 7. Bc1d2 Qa5xa3 8. f5 Bc8xf5 9. Nf3e5 Nc6xe5 10. dxe5 e6 11. Bd2c1 Qa3c5 12. a4 b4 13. cxb4 Qc5xb4 14. Bc1d2 Qb4xb3 15. Qd1xb3 cxb3 16. Bd2c3 Bf5e4 17. e3 Bf8c5 18. Bf1b5 Ke8e7 19. Rh1f1 Ng8h6 20. O-O-O Bc5xe3 21. Bc3d2 Ra8c8 22. Kc1b2 Rc8c2 23. Kb2a3 Be3xd2 24. Ka3xb3 Rh8c8 25. Rf1f4 Bd2xf4 26. Bb5d3 Rc8c3 27. Kb3b4 Be4xd3 28. g3 Rc3c4 29. Kb4b3 Rc4c3 30. Kb3b4 Bf4xe5 31. a5 Rc2b2 32. Kb4a4 Bd3b5 0-1

[Event "RHP Coorespondance"]
[Date "2008.04.11"]
[EndDate "2008.05.05"]
[Round "?"]
[White "Tantri"]
[Black "Tomasino, James"]
[WhiteRating "1214"]
[BlackRating "1785"]
[WhiteElo "1214"]
[BlackElo "1785"]
[Result "0-1"]
[GameId "4860524"]

1. e3 e5 2. Ng1h3 d5 3. Qd1f3 Nb8c6 4. Nb1c3 Bc8e6 5. Bf1b5 f6 6. e4 d4 7. Nc3d5 Qd8d6 8. a4 O-O-O 9. b3 Nc6b4 10. O-O Nb4xd5 11. exd5 Be6xd5 12. Qf3f5 Bd5e6 13. Qf5e4 c6 14. Bc1a3 Qd6d5 15. Bb5xc6 Qd5xc6 16. f3 Qc6xe4 17. fxe4 Bf8xa3 18. Ra1xa3 Be6xh3 19. gxh3 Ng8e7 20. b4 Rd8f8 21. a5 g5 22. b5 Rh8g8 23. a6 b6 24. c3 g4 25. cxd4 gxh3 26. Ra3g3 exd4 27. Rg3xg8 Rf8xg8 28. Kg1f2 f5 29. e5 Rg8g2 30. Kf2f3 Rg2xh2 31. Kf3g3 Rh2xd2 32. Kg3xh3 Rd2b2 33. Kh3g3 Rb2xb5 34. e6 Rb5e5 35. Rf1c1 Kc8d8 36. Rc1c4 Re5e4 37. Kg3f3 h5 38. Rc4c1 Re4xe6 39. Kf3f4 Re6e4 40. Kf4g5 Re4g4 41. Kg5xh5 d3 42. Rc1d1 Rg4g3 43. Kh5h4 f4 44. Rd1d2 Ne7f5 45. Kh4h5 Kd8e7 46. Rd2d1 Ke7f6 47. Rd1f1 Rg3g5 0-1